Clubes brasileiros que são conhecidos pela sigla! - Statistics

Estatísticas Gerais
  • Esse quiz foi jogado 158 vezes
  • A pontuação média é 3 de 6
Estatísticas das Respostas
Hint Resposta % Correto
MINAS GERAIS URT
69%
GOIAS CRAC
65%
RIO GRANDE DO NORTE ABC
59%
ALAGOAS CRB
50%
ALAGOAS ASA
40%
ALAGOAS CSA
39%
Nenhum quiz correspondente encontrado
Distribuição das Pontuações
Porcentagem de Pessoas com Cada Pontuação
Percentil de Números Respondidos
Sua Pontuação Histórica
Você não jogou esse quiz